El proceso de internacionalización de Mango bakalárska práca

Gespeichert in:
Bibliographische Detailangaben
1. Verfasser: Hajnovičová, Katarína
Körperschaft: Fakulta aplikovaných jazykov EU v Bratislave. Katedra románskych a slovanských jazykov
Weitere Verfasser: Perďochová, Jana
Format: Buch
Sprache:Spanisch
Veröffentlicht: Bratislava 2018
Tags: Tag hinzufügen
Keine Tags, Fügen Sie das erste Tag hinzu!

MARC

LEADER 00000nbm a2200000 4500
001 0244039
005 20181011092502.8
041 0 |a spa 
044 |a SK 
245 1 0 |a El proceso de internacionalización de Mango  |b bakalárska práca  |c Katarína Hajnovičová ; školiteľ: Jana Perďochová 
264 1 |a Bratislava  |c 2018 
300 |a 55 s. 
100 1 |a Hajnovičová, Katarína 
700 1 |a Perďochová, Jana 
710 2 |a Fakulta aplikovaných jazykov EU v Bratislave. Katedra románskych a slovanských jazykov